000 00440nmm a2200157Ia 4500
008 251105s9999||||xx |||||||||||||||||und||
020 _a9781659975840
041 _aspa
100 _aSierra i Fabra, Jordi
245 0 _aLos perros de la lluvia
264 _a[Madrid, España] :
_bEditorial SiF,
_c2020
300 _a274 páginas
650 _aSpanish narrative
856 _uhttps://public.digitaliapublishing.com/a/98485
942 _cCF
999 _c75321
_d75321